Music Quiz

Random Music or Broadway Quiz

Find the character (Musicals) Quiz Stats

 Plays Quiz not verified by Sporcle

Score 0/13 Timer 05:00
0 Plays Today
% Correct
Jafar
100%
Mufasa
99%
Little Red Riding Hood
98.1%
Fantine
98.1%
Raoul
97.1%
Nessa
95.2%
Judge Turpin
93.3%
Jesus
92.4%
Chava
91.4%
Louis
88.6%
Lucy
85.7%
Marmee
76.2%
Ellie
71.4%

You're not logged in!

Compare scores with friends on all Sporcle quizzes.
OR
Log In

Sporcle TV

Today on Sporcle TV


Watch our educational content, quiz creation guides, and fun videos on Sporcle TV.

Show Comments

Extras

Created Jan 21, 2015ReportNominate
Tags:Broadway Quiz, Musical Quiz

Top Quizzes Today


Score Distribution

Your Account Isn't Verified!

In order to create a playlist on Sporcle, you need to verify the email address you used during registration. Go to your Sporcle Settings to finish the process.

Report this User

Report this user for behavior that violates our Community Guidelines.

Details: